| 000 | 00668nam a2200229 a 4500 | ||
|---|---|---|---|
| 001 | 13070 | ||
| 003 | BD-JhCC | ||
| 005 | 20230617080538.0 | ||
| 008 | 230616b19652018bg a|||| ||a| 00| 0 ben d | ||
| 020 | _a9789849392729 | ||
| 035 | _a(BD-JhCC)13070 | ||
| 040 |
_aBD-JhCC _dBD-JhCC |
||
| 041 | _aBengali | ||
| 082 |
_bRAY 2018 _a923 |
||
| 100 | _aরায়, শচীন্দ্রলাল | ||
| 245 |
_aবাবরের আত্মকথা / _cশচীন্দ্রলাল রায়। |
||
| 260 |
_aঢাকা: _bসুবর্ণ; _c2018. |
||
| 300 |
_a216 p. : _bill; _c22 cm. |
||
| 600 | _aBabar | ||
| 650 | _aBiography | ||
| 942 |
_2ddc _cBK |
||
| 999 |
_c13070 _d13070 |
||